000 00570nam a2200205Ia 4500
005 20250923144656.0
008 008 250917s9999 xx 000 0 eng d
037 _aTextual
040 _aDSWL
_beng
_cDSWL
041 _aeng
_2eng
084 _aY172, H9
_qDSWL
100 _aMurdock, George Peter
_9827268
245 0 _aSocial structure
_cby George Peter Murdock
260 _aNew York
_b Macmillan Company
_c1949
300 _axvii,387p.
365 _aUSD
_b4.75
925 _g4.75
942 _cTEXL
_hY172, H9
999 _c1441918
_d1441918